000 00301nam a2200097Ia 4500
008 220204s9999 xx 000 0 und d
100 _aSubrahmanyam, K.V
245 0 _aLinkages between farm and non farm sector-Role of processing of horticultural products
260 _aMumbai
_bNABARD
_c2000
942 _cBK
999 _c43954
_d43954